Statistiques concernant Tous les pokémon de Tatia

Cliquez ici pour prendre le quiz!

Statistiques générales

  • Ce quiz a été pris 17 fois
  • Le résultat moyen est 9 sur 12

Statistiques - réponses

HintRéponse% Correct
Rubis & SaphirSéléroc
100%
Gardevoir
86%
Noir2 & Blanc2Groret
86%
EmeraudeKaorine
79%
Siderella
79%
Xatu
79%
Eoko
71%
Archéodong
64%
Hypnomade
64%
Ramoloss
64%
Roigada
64%
Soporifik
57%

Distribution des résultats

Percentile par nombre de réponses

% des personnes avec chaque résultat

Votre développement - résultats

Vous n’avez pas pris ce quiz